<The> Impacts of the Increasing Significance of Islam in Central Asia
Re-islamizačný proces a jeho kontinuita vo svete. Re-islamizácia ako nástroj demokratizácie centrálnych ázijských režimov. Udržiavanie sekularizmu na inštitucionálnej a formálnej úrovni prostredníctvom vládnych nariadení.
Salvato in:
| Autore principale: | |
|---|---|
| Natura: | Capitolo di libro |
| Lingua: | inglese |
| Soggetti: | |
| Tags: |
Nessun Tag, puoi essere il primo ad aggiungerne!!
|
MARC
| LEADER | 00000naa$a2200000$$$4500 | ||
|---|---|---|---|
| 001 | 0251123 | ||
| 005 | 20240502083718.2 | ||
| 041 | 0 | |a eng | |
| 044 | |a UA | ||
| 245 | 1 | 0 | |a <The> Impacts of the Increasing Significance of Islam in Central Asia |c Ľubomír Čech |
| 520 | |a Re-islamizačný proces a jeho kontinuita vo svete. Re-islamizácia ako nástroj demokratizácie centrálnych ázijských režimov. Udržiavanie sekularizmu na inštitucionálnej a formálnej úrovni prostredníctvom vládnych nariadení. | ||
| 610 | 2 | 0 | |a islam |
| 610 | 2 | 0 | |a re-islamizácia |
| 610 | 2 | 0 | |a sekularizácia |
| 610 | 2 | 0 | |a stredná Ázia |
| 610 | 2 | 0 | |a demokratizácia |
| 610 | 2 | 0 | |a identita |
| 610 | 2 | 0 | |a vláda |
| 610 | 2 | 0 | |a náboženstvo |
| 100 | 1 | |a Čech, Ľubomír, 1955- | |